000 00673nam a2200205Ia 4500
003 GCL
008 140319s9999 xx 000 0 ara d
040 _aGCL /
_cGCL
082 0 4 _a953.09
_bل د
100 1 _aليلى عبداللطيف احمد
245 1 0 _aدراسات فى تاريخ ومؤرخى مصر والشام ابان العصرالعثمانى /
_cليلى عبداللطيف احمد
260 _a[S.N] :
_bمكتبة الخانجى ،
_c1980
300 _a223 ص
490 _a
650 0 4 _aمصر
650 0 4 _aالمؤرخون
650 0 4 _aالشام
650 0 4 _aالامبراطورية العثمانية (1517 - 1914)
942 _2ddc
_cBK
999 _c35430
_d35430